000 00639nam a2200181 4500
999 _c56841
_d56841
005 20200219120234.0
008 190510c2019 ru ||||| |||| 00| 0 rus d
022 _a1812-3929
041 _arus
245 _aЮрист :
_b2019 N1 /
_cЗам.гл. ред.:Мария Александровна Егорова
260 _aМосква,
_c1993-
300 _aV.
653 _aპერიოდიკა
653 _aსამართალი
653 _aЮрист N1 2019.
700 _aЕгорова, Мария Александровна
_eЗаместитель главного редактора
_91030
942 _2udc
_cCR